Quizzes
Events
Quiz Creation
Community
Videos
Private Events
Remove Ads
Sign In
Join for FREE
Feedback
Dark Mode
Quiz Categories
Sports
Geography
Music
Movies
Television
Just For Fun
Miscellaneous
History
Literature
Language
Science
Gaming
Entertainment
Religion
Holiday
For Kids
Quiz Lab
Recent
Popular Today
Quiz Kudos Today
Editor Picks
Curator Picks
Quizzes by...
Day
Popularity
Type
Ratings
Length
Year
Community
Subscriptions
Recent Discussions
Orange Saloon
Badges
Playlists
Quests
Create
Leaderboards
Showdown
Live 5
Trivia Bingo
Activity
Puzzle Library
Sporcle Events
Private Events
Virtual Trivia
Globe League
Become a Host
Pub Owners
SporcleCon
Opinionation
Our Games
Videos
Blog
Mobile Apps
Partnerships
Remove Ads and Go Orange
Feedback
Music
Pop Music
The Beatles
Song
Album
Lyrics
Bands
Singers
Artist
Clip
Rock
Rap
Classical
Billboard
Country Music
Kpop
Taylor Swift
Music
Pop Music
The Beatles
Song
Album
Lyrics
Bands
Singers
Artist
Clip
Rock
Rap
Classical
Billboard
Country Music
Kpop
Taylor Swift
Random Quiz
Search Sporcle
×
Quiz Lab
Quiz Lab
Music
Fall Out Boy
Type in answers that appear in a list
Type in answers that appear in a list
Classic
Best Score? Go Orange.
Panic! at the Disco or Fall Out Boy Stats
Can you name the Panic! at the Disco or Fall Out Boy songs?
By
tradebabyblues
3m
25 Questions
2,193 Plays
2,193 Plays
2,193 Plays
Comments
Comments
Give Quiz Kudos
Give Quiz Kudos
-
- Ratings
hide this ad
Forced Order
Answers have to be entered in order
Answers have to be entered in order
Random Order
Randomize order of answers
Randomize order of answers
Replay
Link that replays current quiz
Next Quiz
Link to next quiz in quiz playlist
You Got
0%
They Got
Avg Score
93%
Avg Friend Score
Upgrade to see
Score Distribution
Jump to the score distribution portion of the page
Score
0/25
Timer
03:00
0
Plays Today
Song Title
Band
% Correct
Let's Kill Tonight
p
95.3%
Sarah Smiles
p
95.2%
But It's Better If You Do
p
95.1%
Camisado
p
94.9%
The Only Difference Between Martyrdom and Suicide is Press Coverage
p
94.7%
That Green Gentleman (Things Have Changed)
p
94.7%
Ready To Go
p
94.5%
The End of All Things
p
94.4%
Behind The Sea
p
94.3%
Twin Skeleton's (Hotel In NYC)
f
94%
Centuries
f
93.8%
Fourth of July
f
93.8%
The Phoenix
f
93.6%
Song Title
Band
% Correct
Novocaine
f
93.6%
Tell That Mick He Just Made My List Of Things to Do Today
f
93.4%
Kaleidoscope Eyes
p
93.3%
What a Catch, Donnie
f
93.3%
Stall Me
p
93.2%
The Music Or The Misery
f
93.2%
The Pros and Cons of Breathing
f
93.1%
Lullabye
f
93.1%
Pavlove
f
93%
From Now On We Are Enemies
f
93%
All The Boys
p
93%
Austin, We Have A Problem
f
92.7%
Quiz Playlist
Details
Report
Send in Message
Add To Playlist
Classic:
Type in answers that appear in a list
Forced Order:
Answers have to be entered in order
Random Order:
Randomize order of answers
Last Updated: Jul 18, 2017
Quiz Scoreboard
CHALLENGE
Sign Up to Join the Scoreboard
Show All
Scores
Hide
Comments
May contain spoilers
Recently Published
Decade Duel: World Leaders
by jenniferyan
History
4m
Alphabetical 'K' Countries by Flag Minefield
by ylime102
Geography
3m
Pick 6: Fruits
by JohnFran
Miscellaneous
15s
More to Explore
Quiz From the Vault
Featured Blog Post
15 Basketball Trivia Facts You Can Be March Mad About
hide this ad
You Might Also Like...
Tags
Fall Out Boy
Panic! At the Disco
Today's Top Quizzes in Music
Browse Music
hide this ad
Today's Top Quizzes in Fall Out Boy
Browse Fall Out Boy
Top Contributed Quizzes in Music
1
Taylor Swift All Songs (2024)
2
A Taylor Swift Logic Puzzle
3
KPOP LOGIC QUIZ
4
Taylor Swift Logic Puzzle
5
Guess the Taylor Swift song (Mystery Song)
6
Guess The Taylor Swift Lyrics Song #1
7
Kpop murder mystery 1
8
kpop group name match up
9
K-Pop : 100 Debut Songs (Part 1 of 3)
10
K-Pop Murder Mystery Logic Quiz
Explore More
Trending Topics
Harry Potter
Crossword
Marvel
Kpop
Disney
Anime
NBA
WWE
Pokémon
Puzzle
Country
Song
The Office
Soccer
NFL
hide this ad
More By:
tradebabyblues
Quiz
Plays
Rating
Category
Featured
Created
Panic! at the Disco or Fall Out Boy
2,193
2.00
Music
Jan 16, 2015
Fall Out Boy fill in the blanks
881
4.83
Music
Jan 16, 2015
Go to Creator's Profile
Score Distribution
Quiz Creator Spotlight
tradebabyblues
Follow
Send a Message
Quizzes Created
-
Created Quiz Play Count
-
More By This Creator
Popular Quizzes Today
1
Countries of Asia Without Outlines Minefield
2
Find the US States - No Outlines Minefield
3
Pick 6: Fruits
4
Alphabetical 'K' Countries by Flag Minefield
5
The Countries of the World
6
Find the Countries of Europe - No Outlines Minefield
7
Find the US States
8
US States
More Music Quizzes
ITZY: Oldest to Youngest
Quiz Lab
Trending Quizzes
Pick 6: Mountains
Pick 6: Harry Potter
Pick 6: Flags
Pick 6: NFL Teams
Pick 6: Movie Franchises
Recently Updated
Adaptations: Name the Title
pecheneg
NWSL Teams
pecheneg
Women's Final Four Teams by Year
bhenderson79
Presidents Quartet II
eogle
Anything But Clue(do)
eogle
Anything But Oceanian Capitals
eogle
Anything But 7
eogle
Anything But Thing
eogle
Word Ladder: February 29
pecheneg
Song Title Questions
pecheneg
Trending Topics
Anime
Marvel
NBA
Kpop
Harry Potter
Disney
Crossword
The Office
WWE
Song
Country
Soccer
Pokémon
Puzzle
NFL
Your Account Isn't Verified!
In order to create a playlist on Sporcle, you need to verify the email address you used during registration. Go to your
Sporcle Settings
to finish the process.
Report this User
Report this user for behavior that violates our
Community Guidelines
.
Details:
Send Report
Go to the Sporcle.com Mobile Site →
Comments